| 000 | 00609cam a2200205ua 4500 | ||
|---|---|---|---|
| 001 | 12232 | ||
| 005 | 20260515114843.0 | ||
| 008 | 200313n ii |||gr||||Z||||||eng | ||
| 020 | _a9789382252115 | ||
| 040 | _cMAIN | ||
| 082 | _a331.702 | ||
| 100 |
_aVarun K Sehgal, _eAuthor. |
||
| 245 |
_aEncyclopaedia of counselling : _bCounselling in schools volume II / _cBy Varun K Sehgal and R Krishnaprasad . |
||
| 250 |
_a1st ed. / _bV.II. |
||
| 260 |
_aNew Delhi: _bPacific books international, _c2013. |
||
| 300 | _a282p. | ||
| 653 | _aLabor economics | ||
| 700 |
_aR Krishnaprasad, _eAuthor. |
||
| 942 | _cBK | ||
| 999 |
_c10979 _d10979 |
||